| 000 | 00840nam a22002537a 4500 | ||
|---|---|---|---|
| 003 | CBULib | ||
| 005 | 20240118133045.0 | ||
| 008 | 240112b |||||||| |||| 00| 0 eng d | ||
| 040 |
_aCBULib _bEnglish _cCBULib _erda |
||
| 041 | _aeng | ||
| 050 | _aCBU-PG THESIS/SIK | ||
| 100 | _aSikanyika, Musekwa Chikuluma | ||
| 245 |
_aThe effect of integrated human resource management on organisational performance _c/ by Musekwa Chikuluma Sikanyika |
||
| 260 |
_bCopperbelt University, _c2021 _aKitwe: |
||
| 300 | _axi, 57 pages : illustrations | ||
| 336 |
_2rdacontent _aText | _btxt |
||
| 337 |
_2rdamedia _aUnmediated | _bn |
||
| 338 |
_2rdacarrier _aVolume _bnc |
||
| 504 | _aIncludes references | ||
| 650 | 0 |
_91734 _aORGANISATIONAL PERFORMANCE |
|
| 650 | 0 |
_91766 _aHUMAN RESOURCE MANAGEMENT |
|
| 650 | 0 |
_9412 _aMANAGEMENT |
|
| 942 |
_2lcc _c030 |
||
| 999 |
_c83978 _d83978 |
||